'W' Food Pictures Quiz Stats

 Plays Quiz Updated Dec 15, 2016

Support Sporcle.
Go Orange.
Score 0/15 Timer 05:00
3 Plays Today
Column Food % Correct
Column 1Watermelon
99.4%
Column 3Waffles
98.7%
Column 5Wheat
96.3%
Column 1White Wine
94.3%
Column 4Walnuts
93.4%
Column 1White Chocolate
92.8%
Column 3Whisky
88.4%
Column 4Wafers
85.5%
Column Food % Correct
Column 2Whipped Cream
84.3%
Column 3Wasabi
72.3%
Column 2Wontons
56.8%
Column 2Waldorf Salad
56.4%
Column 2Whey
49.1%
Column 4Watercress
48.8%
Column 5Wiener Schnitzel
18.2%

From the Vault

Biggest and Best by Sporcle Category

by biggs364

Shine bright like a Sporcle category.
Remove Ads.
Support Sporcle.
Get the best of Sporcle when you Go Orange. This ad-free experience offers more features, more stats, and more fun while also helping to support Sporcle. Thank you for becoming a member.

Show Comments

Extras

Top Quizzes Today


Score Distribution

Your Account Isn't Verified!

In order to create a playlist on Sporcle, you need to verify the email address you used during registration. Go to your Sporcle Settings to finish the process.

Report this User

Report this user for behavior that violates our Community Guidelines.

Details: